Statistics for 2018 United State's 100 Largest Metro Cities

Click here to take the quiz!

General Stats

  • This quiz has been taken 422 times
  • The average score is 72 of 100

Answer Stats

PopulationCity% Correct
20,320,876New York City
100%
9,533,040Chicago
98%
13,353,907Los Angeles
98%
4,836,531Boston
97%
7,399,662Dallas/Fort Worth
97%
6,892,427Houston
97%
4,727,357San Francisco
97%
5,884,736Atlanta
96%
6,096,120Philadelphia
96%
3,337,685San Diego
96%
3,867,046Seattle
96%
6,158,824Miami
95%
6,216,589Washington D.C.
95%
4,313,002Detroit
94%
4,737,270Phoenix
94%
578,715Jackson
92%
3,600,618Minneapolis
92%
1,903,045Nashville
92%
2,453,168Portland
92%
2,525,305Charlotte
91%
2,078,725Columbus
91%
2,888,227Denver
91%
1,348,260Memphis
91%
3,091,399Tampa
91%
2,808,175Baltimore
90%
2,179,082Cincinnati
90%
2,058,844Cleveland
90%
2,128,912Kansas City
90%
2,509,831 Orlando
90%
2,324,884Sacramento
90%
2,473,974San Antonio
90%
2,115,827Austin
89%
1,504,980Jacksonville
89%
1,275,762New Orleans
89%
2,807,338St. Louis
89%
2,204,079Las Vegas
88%
1,136,856Buffalo
87%
2,028,614Indianapolis
87%
2,333,367Pittsburgh
87%
1,383,737Oklahoma City
85%
1,998,463San Jose
85%
1,576,236Milwaukee
84%
1,335,079Raleigh
83%
1,203,105Salt Lake City
82%
913,113Albuquerque
81%
844,818El Paso
80%
1,293,953Louisville
79%
1,022,769Tucson
79%
1,725,246Virginia Beach
76%
1,149,807Birmingham
74%
709,845Boise
74%
723,878Colorado Springs
74%
933,316Omaha
74%
990,706Tulsa
74%
989,255Fresno
73%
1,621,122Providence
72%
1,294,204Richmond
72%
1,210,259Hartford
69%
886,188Albany
68%
834,159Baton Rouge
68%
775,831Charleston
68%
645,911Des Moines
68%
1,077,948Rochester
67%
645,628Wichita
67%
631,652Springfield
65%
4,580,670Riverside
64%
988,650Honolulu
63%
738,344Little Rock
63%
877,104Knoxville
62%
603,668Toledo
62%
654,230Madison
61%
667,733Winston-Salem
61%
803,416Dayton
60%
1,059,113Grand Rapids
60%
761,184Greensboro
60%
703,505Akron
59%
825,033Columbia
58%
564,236Spokane
56%
654,841Syracuse
56%
893,119Bakersfield
54%
860,435New Haven
54%
949,921Bridgeport
53%
567,428Durham
49%
600,151Augusta
48%
556,548Chattanooga
48%
571,903Harrisburg
45%
555,426Scranton
41%
745,424Stockton
41%
860,661McAllen
40%
942,475Worcester
40%
840,550Allentown
38%
617,675Provo
38%
739,224Cape Coral
37%
895,923Greenville
37%
665,358Ogden
31%
854,223Oxnard
31%
804,690North Port
30%
649,202Daytona Beach
26%
686,483Lakeland
26%
547,899Modesto
26%

Score Distribution

Percentile by Number Answered

Percent of People with Each Score

Your Score History

You have not taken this quiz